Word Ladder: Don't Belong? Quiz Stats

 Plays Quiz Updated Nov 26, 2019

Score 0/9 Timer 01:00
2 Plays Today
Hint Three Letter Word % Correct
Opposite of even• ODD •
99.3%
Seven minus six• ONE •
99.1%
A lyric poem, typically written for a personODE
94.1%
Opposite of in• OUT •
94%
Paintings, sculptures, etcART
93.1%
Present tense plural of beARE
86.6%
Suffix used for hydrocarbonsANE
80.4%
Appropriate or suitableAPT
77.4%
Make a choice from a range of possibilitiesOPT
76%

Today's Daily Dose

Word Ladder
Antonym Clues IV

Quick Pick
Marsupials

Get the Picture
Big 4 'H' All-Stars

You're not logged in!

Compare scores with friends on all Sporcle quizzes.
OR
Log In

Sporcle TV

Today on Sporcle TV


Watch our educational content, quiz creation guides, and fun videos on Sporcle TV.

Show Comments

Extras

Top Quizzes Today


Score Distribution

Your Account Isn't Verified!

In order to create a playlist on Sporcle, you need to verify the email address you used during registration. Go to your Sporcle Settings to finish the process.

Report this User

Report this user for behavior that violates our Community Guidelines.

Details: